Genetics analysis & principles
Պահպանված է:
| Հիմնական հեղինակ: | |
|---|---|
| Ձևաչափ: | Գիրք |
| Լեզու: | անգլերեն |
| Հրապարակվել է: |
McGraw-Hill Education
2021
|
| Ցուցիչներ: |
Ավելացրեք ցուցիչ
Չկան պիտակներ, Եղեք առաջինը, ով նշում է այս գրառումը!
|
MARC
| LEADER | 00000nam a22000007a 4500 | ||
|---|---|---|---|
| 008 | 240226b |||||||| |||| 00| 0 eng d | ||
| 020 | |a 9781260571226 | ||
| 100 | |a BROOKER, Robert J. | ||
| 245 | |a Genetics |b analysis & principles |c /Robert J.Brooker |g xii,761p;ill | ||
| 250 | |b 7th | ||
| 260 | |b McGraw-Hill Education |c 2021 |h New York |i 700347 |i 700348 |i 700349 |l QH430.B78 |m Genetics | ||
| 500 | |a it includes index | ||
| 942 | |a lcc |c BK |e Johnson |f 26/02/24 | ||
| 952 | |0 0 |1 0 |2 lcc |4 0 |6 QH0430 B78 |7 0 |9 4899 |a SL |b HOL |d 2024-02-26 |l 0 |o QH430.B78 |p 2024-0150 |r 2024-02-26 00:00:00 |t 700347 |w 2024-02-26 |y BK | ||
| 952 | |0 0 |1 0 |2 lcc |4 0 |6 QH0430 B78 |7 0 |9 4900 |a HOL |b HOL |d 2024-02-26 |l 0 |o QH430.B78 |p 2024-0151 |r 2024-02-26 00:00:00 |t 700348 |w 2024-02-26 |y BK | ||
| 952 | |0 0 |1 0 |2 lcc |4 0 |6 QH0430 B78 |7 0 |9 4901 |a HOL |b HOL |d 2024-02-26 |l 0 |o QH430.B78 |p 2024-0152 |r 2024-02-26 00:00:00 |t 700349 |w 2024-02-26 |y BK | ||
| 999 | |c 2436 |d 2436 | ||